The full moon night / (Record no. 160416)

MARC details
000 -LEADER
fixed length control field 00423nam a22001697a 4500
005 - DATE AND TIME OF LATEST TRANSACTION
control field 20190128174248.0
010 ## - LCCN (DPL NO)
LC control number B-231450
020 ## - INTERNATIONAL STANDARD BOOK NUMBER
International Standard Book Number 8186849165
Terms of availability 200.00
035 ## - SYSTEM CONTROL NUMBER
System control number B-231450
037 ## - SOURCE OF ACQUISITION
Source of stock number/acquisition Asia Publishers
082 ## - DEWEY DECIMAL CLASSIFICATION NUMBER
Classification number S
100 ## - MAIN ENTRY--PERSONAL NAME
Personal name Chander, Krishan
245 ## - TITLE STATEMENT
Title The full moon night /
Statement of responsibility, etc Krishan Chander
260 ## - PUBLICATION, DISTRIBUTION, ETC. (IMPRINT)
Place of publication, distribution, etc Delhi
Name of publisher, distributor, etc Asia Publishers
Date of publication, distribution, etc 2002
300 ## - PHYSICAL DESCRIPTION
Extent 135p.
Dimensions 22cm(pbk)
942 ## - ADDED ENTRY ELEMENTS (KOHA)
Source of classification or shelving scheme Dewey Decimal Classification
Item type English Books
Classification part S
Call number suffix KRI
Holdings
Withdrawn status Lost status Not for loan Collection code Home library Current library Date acquired Full call number Barcode Koha item type
      Fiction Sarojini Nagar Sarojini Nagar 28/01/2019 S KRI B-231450 English Books

© Delhi Public Library
Hit Counter
free hit counter